00840 2200301 4500001002100000005001500021035002000036007000300056040001200059100003000071245008500101250001200186300003300198020001800231041000800249082001200257084001800269090002200287264003700309336002100346337003000367338002300397650002300420850001000443008004100453990002200494990002200516INLIS00000000000679620260410094145 a0010-0622000131ta aSBPUPAD0 aTim Bakti GuruePengarang1 aTangkas Menulis Tegak Bersambung Untuk Sekolah Dasar Kelas Dua /cTim Bakti Guru a.-Cet.7 av,52 hlm. :billus. ;c23 cm a979-514-766-80 aind a372.634 a372.634 TIM t a372.634 TIM t 9-9 a.--Bandung :bRosda Karya,c2005 2rdacontentaTeks 2rdamediaaTanpa Perantara 2rdacarrieravolume 4aMedia Pembelajaran aPUPAD260410 0  a1655/H/ARPUS/2007 a1656/H/ARPUS/2007